000 00429nam a22001697a 4500
003 UA-OsUOA
001 5340
007 ta
008 20050721b un ||||| |||| 00| 0 ukr d
100 _aЯровка
700 _aО. В.
942 _cBK
040 _aUA-OsUOA
_cUA-OsUOA
_dUA-OsUOA
245 _aНавчання діалог. мовлення на стар. етапі заг. шк.
_bBA Paper
955 _a2
650 7 _2UDC
999 _c291502
_d291502